[Event "XXVIII Open"]
[Site "Zalakaros HUN"]
[Date "2009.05.08"]
[Round "1"]
[White "Berczes,C"]
[Black "Nemeth,D"]
[Result "0-1"]
[WhiteElo "2381"]
[BlackElo "2132"]

1.Nf3 Nf6 2.c4 c5 3.g3 b6 4.Bg2 Bb7 5.O-O e6 6.b3 Be7 7.Nc3 O-O 8.d4 d5 9.Ne5 Nbd7
10.Bf4 Rc8 11.Rc1 cxd4 12.Qxd4 Bc5 13.Qd1 Bb4 14.Nb5 Nxe5 15.Bxe5 a6 16.Nc3 Bxc3
17.Bxc3 Qe7 18.Qd2 Rfd8 19.Qg5 d4 20.Bxb7 Qxb7 21.Bb2 Qe4 22.Qd2 e5 23.f4 Ng4
24.fxe5 d3 25.exd3 Rxd3 26.Qf4 Qxf4 27.Rxf4 Nxh2 28.Rc2 Nf3+ 29.Kf2 Ng5 30.Rd4 Rd8
31.Rxd8+ Rxd8 32.Ke3 Ne6 33.b4 Kf8 34.a3 Ke7 35.Rh2 Rd1 36.Rc2 Rd8 37.a4 h5
38.Ba3 Nd4 39.Rf2 Ke6 40.b5 Nf5+ 41.Rxf5 Kxf5 42.Bd6 axb5 43.axb5 Rxd6 44.exd6 Ke6
45.c5 bxc5 46.b6 Kxd6 47.b7 Kc7 48.b8=N Kxb8  0-1

[Event "18th CRO-Cup"]
[Site "Sibenik CRO"]
[Date "2009.05.23"]
[Round "4"]
[White "Ramesa,D"]
[Black "Belani,M"]
[Result "1-0"]
[WhiteElo "2332"]
[BlackElo "2165"]

1.Nf3 Nf6 2.c4 e6 3.g3 b6 4.Bg2 Bb7 5.O-O c5 6.Nc3 Be7 7.Re1 d6 8.e4 O-O
9.d4 cxd4 10.Nxd4 Qc8 11.Be3 Nc6 12.f4 Rd8 13.Rc1 Nxd4 14.Bxd4 Nd7 15.Qd2 Bf6
16.Nb5 Bxd4+ 17.Qxd4 Nf6 18.b4 Ne8 19.Red1 a6 20.Nc3 Qc6 21.Rc2 Rac8 22.e5 Qc7
23.Bxb7 Qxb7 24.Rcd2 Qc6 25.Ne4 d5 26.cxd5 Rxd5 27.Qe3 Rcd8 28.Rxd5 Rxd5
29.Rc1 Qb7 30.Nc3 Rd8 31.Na4 b5 32.Nc5 Qb6 33.Qf3 Rd5 34.f5 Nc7 35.fxe6 fxe6
36.Rf1 h6 37.Qf8+ Kh7 38.Rf7 Rd1+ 39.Kf2 Ne8 40.Qxe8  1-0

[Event "Subic Open"]
[Site "Subic PHI"]
[Date "2009.05.29"]
[Round "7"]
[White "Gonzales,Jay"]
[Black "Legaspi,R"]
[Result "1-0"]
[WhiteElo "2465"]
[BlackElo "2358"]

1.Nf3 e6 2.c4 Nf6 3.g3 b6 4.Bg2 Bb7 5.O-O c5 6.Nc3 Be7 7.Re1 Ne4 8.Nxe4 Bxe4
9.d3 Bb7 10.e4 O-O 11.d4 cxd4 12.Nxd4 d6 13.b3 a6 14.Bb2 Qc7 15.Qg4 g6 16.Nf3 e5
17.Nd2 Nd7 18.Qe2 Rfe8 19.Nf1 Nc5 20.Rac1 Bg5 21.Rc2 Qe7 22.h4 Bh6 23.Ne3 Bxe3
24.Qxe3 a5 25.Rd2 Rad8 26.f3 Bc8 27.Red1 f6 28.Bf1 Be6 29.Be2 Rd7 30.Bf1 Red8
31.Bg2 Kg7 32.Rf2 Rb8 33.Rdf1 b5 34.cxb5 Rxb5 35.f4 Rb8 36.Bc1 Kg8 37.h5 gxh5
38.Bd2 Qg7 39.Bxa5 h4 40.f5 Bf7 41.gxh4 Kh8 42.Be1 Rg8 43.Rc2 Bh5 44.b4 Nb7
45.Kh2 d5 46.exd5 Nd6 47.Bh3 Qf8 48.a4 Bd1 49.Ra2 Rdg7 50.b5 Bg4 51.b6 Nc4
52.Qb3 Qc5 53.b7 Qc7 54.Bg2 e4+ 55.Bg3 Ne5 56.Rc2 Qb8 57.Rc8 Rxc8 58.bxc8=Q+ Qxc8
59.Bxe5 fxe5 60.f6 Rf7 61.Bxe4 Qf8 62.Qg3 Qe8 63.Qxe5 Bd7 64.a5 Bb5 65.Rb1  1-0

[Event "3rd ENCI Limburg Open"]
[Site "Maastricht NED"]
[Date "2009.05.30"]
[Round "2"]
[White "Zaragatski,I"]
[Black "Arun Prasad,S"]
[Result "1-0"]
[WhiteElo "2428"]
[BlackElo "2552"]

1.Nf3 c5 2.g3 b6 3.Bg2 Bb7 4.O-O Nf6 5.c4 e6 6.Nc3 Be7 7.Re1 d6 8.e4 a6 9.d4 cxd4
10.Nxd4 Qc7 11.Be3 O-O 12.Rc1 Nbd7 13.f4 h5 14.h3 g6 15.f5 e5 16.Nde2 Qd8
17.fxg6 fxg6 18.Nd5 Nxd5 19.exd5 a5 20.Nc3 Nc5 21.Ne4 Ra7 22.Bh6 Rf7 23.Nxc5 bxc5
24.Be4 Bg5 25.Bxg6 Bxh6 26.Qxh5 Rf6 27.Qxh6 Bxd5 28.Rf1 Rxf1+ 29.Rxf1 Bxc4
30.Rf5 Rg7 31.Rh5  1-0

[Event "1st SCS GM Open"]
[Site "Bhubaneswar IND"]
[Date "2009.06.12"]
[Round "8"]
[White "Zubarev,Al1"]
[Black "Sethuraman,S"]
[Result "1-0"]
[WhiteElo "2566"]
[BlackElo "2451"]

1.Nf3 Nf6 2.c4 b6 3.g3 c5 4.Bg2 Bb7 5.O-O e6 6.Nc3 Be7 7.b3 O-O 8.Bb2 Ne4
9.Nxe4 Bxe4 10.d3 Bb7 11.e4 d6 12.Qe2 Nd7 13.d4 cxd4 14.Nxd4 a6 15.Rfd1 Qc7
16.Rd2 Rac8 17.Rad1 Rfe8 18.Kh1 Bf8 19.f4 Nc5 20.Nc2 Qb8 21.e5 dxe5 22.Bxe5 Qa8
23.Bxb7 Qxb7+ 24.Qg2 Ne4 25.g4 f6 26.Re2 Rcd8 27.Rde1 fxe5 28.Rxe4 exf4 29.Rxf4 Qc7
30.Rfe4 Qf7 31.Nd4 Bc5 32.Nc6 Rd6 33.Ne5 Qb7 34.R4e2 Qc7 35.Rf1 Bd4 36.Nf7 Rd7
37.Ng5 Bf6 38.Nxe6 Qb7 39.Qxb7 Rxb7 40.Nf4 Rxe2 41.Nxe2 Rd7 42.Nf4 Rd2 43.Nd5 Bd8
44.a4 Rd3 45.Rb1 Rd4 46.Nb4 Rxg4 47.Nxa6 h5 48.c5 bxc5 49.Nxc5 Bb6 50.Nd3 Be3
51.a5 Rd4 52.Rd1 Rd5 53.b4 Kf7 54.Kg2 Ba7 55.Rc1 Kf6 56.Rc7 Bb8 57.Rb7 Bd6
58.Nf2 Bxb4 59.Rxb4 Rxa5  1-0

[Event "Maia Chiburdanidze Cup"]
[Site "Tbilisi GEO"]
[Date "2009.06.13"]
[Round "9"]
[White "Galojan,L"]
[Black "Muzychuk,M"]
[Result "1-0"]
[WhiteElo "2323"]
[BlackElo "2441"]

1.Nf3 Nf6 2.c4 c5 3.g3 b6 4.Bg2 Bb7 5.O-O e6 6.Nc3 Be7 7.d4 cxd4 8.Qxd4 O-O
9.Rd1 d6 10.b3 Nbd7 11.Bb2 Nc5 12.Rac1 a6 13.Ne1 Bxg2 14.Nxg2 Qc7 15.b4 Ncd7
16.Ne4 Ne8 17.h4 Rc8 18.Ne3 h6 19.Ng4 Kh7 20.Qd3 f5 21.Nd2 Nef6 22.Nxf6+ Bxf6
23.Bxf6 Nxf6 24.e4 g6 25.Re1 Qd7 26.Re2 e5 27.exf5 gxf5 28.Rc3 a5 29.bxa5 bxa5
30.Rb3 Rb8 31.Rb5 Rxb5 32.cxb5 e4 33.Qb1 d5 34.b6 Rb8 35.Re3 d4 36.Rb3 a4
37.Rb5 d3 38.Qb2 Nd5 39.b7 Qc6 40.Qe5 Rxb7 41.Qxf5+ Kg7 42.Rxd5  1-0

[Event "Open"]
[Site "Varna BUL"]
[Date "2009.06.13"]
[Round "2"]
[White "Vachev,V"]
[Black "Dimitrov,R"]
[Result "0-1"]
[WhiteElo "2139"]
[BlackElo "2388"]

1.Nf3 Nf6 2.c4 e6 3.g3 b6 4.Bg2 Bb7 5.O-O c5 6.b3 Be7 7.Bb2 O-O 8.e3 d5 9.d4 dxc4
10.bxc4 cxd4 11.exd4 Nc6 12.Nbd2 Rc8 13.Rc1 Na5 14.Ne5 Bxg2 15.Kxg2 Nd7 16.Nef3 Qc7
17.Re1 Bb4 18.Re2 Qb7 19.Kg1 Nxc4 20.Nxc4 Qxf3 21.a3 Be7 22.Rc3 Qh5 23.Qd3 Rfd8  0-1

[Event "13th Master Open"]
[Site "Voronezh RUS"]
[Date "2009.06.13"]
[Round "2"]
[White "Bezgodova,S"]
[Black "Kostin,Alexe"]
[Result "0-1"]
[WhiteElo "2198"]
[BlackElo "2353"]

1.Nf3 c5 2.c4 Nf6 3.g3 b6 4.Bg2 Bb7 5.O-O e6 6.Nc3 a6 7.Re1 Qc7 8.e4 d6 9.d4 cxd4
10.Qxd4 Nbd7 11.b3 Be7 12.Bb2 O-O 13.Rad1 Ne5 14.Qe3 Rac8 15.Nd4 Rfe8 16.h3 Bf8
17.f4 Ng6 18.Nde2 e5 19.Nd5 Bxd5 20.cxd5 b5 21.f5 Ne7 22.Rc1 Qa5 23.a3 Rxc1
24.Rxc1 Rc8 25.Rxc8 Qe1+ 26.Bf1 Nxc8 27.Bc1 Be7 28.Nc3 Qxe3+ 29.Bxe3 Bd8
30.Kg2 Ba5 31.b4 Bb6 32.Bd2 Bd4 33.Kf3 Nb6 34.g4 h6 35.Be1 Kf8 36.Nb1 Bb2
37.Bc3 Bxc3 38.Nxc3 Ke7 39.h4 Kd8 40.Be2 Kc7 41.Nb1 Na4 42.Ke3 g5 43.h5 Kb6
44.Bf3 Nb2 45.Be2 a5 46.Kf3 Nc4 47.Bd3 Nd7 48.Ke2 Nb2 49.Bc2 Nb8 50.Bb3 axb4
51.axb4 Na6 52.Nd2 f6 53.Nf3 Kc7 54.Kd2 Na4 55.Bd1 Nxb4 56.Be2 Kb6 57.Ke3 Nc5
58.Ne1 Ka5 59.Bd1 Na2 60.Nf3 Kb4 61.Nd2 Kc3 62.Nb1+ Kb2 63.Nd2 Nc3 64.Bf3 Kc1
65.Bg2 b4 66.Bf1 b3 67.Nxb3+ Nxb3 68.Kd3 Nxe4  0-1

[Event "Open"]
[Site "Teplice CZE"]
[Date "2009.06.17"]
[Round "5"]
[White "Lukman,R"]
[Black "Swinkels,R"]
[Result "0-1"]
[WhiteElo "2254"]
[BlackElo "2499"]

1.Nf3 Nf6 2.g3 b6 3.Bg2 Bb7 4.c4 c5 5.O-O e6 6.Nc3 Be7 7.b3 d6 8.Re1 O-O
9.e4 e5 10.Rb1 Nc6 11.d3 Bc8 12.h3 Be6 13.a3 a5 14.Nd5 Nd7 15.Bd2 h6 16.Nxe7+ Qxe7
17.Nh4 Nd4 18.Nf5 Bxf5 19.exf5 Rae8 20.g4 Qh4 21.Be3 h5 22.f3 Rb8 23.a4 g6
24.Qd2 gxf5 25.Bxd4 cxd4 26.Qh6 f4 27.Qxd6 Rbd8 28.Qc6 Rfe8 29.b4 axb4 30.Red1 Nc5
31.Rxb4 Nxd3 32.Rxb6 Qf2+ 33.Kh1 Ne1 34.Rb2 Qxb2 35.Rxe1 Re6 36.Qe4 d3 37.Qf5 Qd4
38.gxh5 d2 39.Rd1 Qd3 40.Qg4+ Kh8 41.Rg1 d1=Q  0-1

[Event "King's Gambit B"]
[Site "Lipetsk RUS"]
[Date "2009.06.23"]
[Round "1"]
[White "Bezgodova,S"]
[Black "Tarlev,K"]
[Result "0-1"]
[WhiteElo "2198"]
[BlackElo "2469"]

1.Nf3 c5 2.c4 Nf6 3.g3 b6 4.Bg2 Bb7 5.O-O e6 6.Nc3 Be7 7.Re1 d5 8.cxd5 Nxd5
9.e4 Nxc3 10.bxc3 O-O 11.d4 Nd7 12.d5 exd5 13.exd5 Bf6 14.Qd2 b5 15.Rb1 Qa5
16.Ng5 Bxc3 17.Qd3 Nf6 18.Re7 Ba6 19.d6 b4 20.Qc2 Rad8 21.Bf4 Bc4 22.Be4 h6
23.Nh7 Nxh7 24.Bxh7+ Kh8 25.Rd1 Qxa2 26.Qf5 Be6 27.Qxc5 Kxh7 28.Rxa7 Qe2
29.Rc1 Rfe8 30.h4 Qf3 31.Ra5 Ra8 32.Rxa8 Bh3  0-1

[Event "1st Int"]
[Site "Villa De Aranjuez ESP"]
[Date "2009.06.24"]
[Round "4"]
[White "De la Fuente Gonzalez,F"]
[Black "Kovacevic,Sl"]
[Result "0-1"]
[WhiteElo "2190"]
[BlackElo "2383"]

1.c4 c5 2.Nf3 Nf6 3.g3 b6 4.Bg2 Bb7 5.O-O e6 6.Nc3 a6 7.b3 Be7 8.Bb2 O-O
9.d4 cxd4 10.Qxd4 d6 11.e4 Nc6 12.Qd2 Qc7 13.Nd4 Rac8 14.Rac1 Qb8 15.Nxc6 Bxc6
16.Rfe1 Rfe8 17.Qf4 Nd7 18.Rcd1 b5 19.cxb5 axb5 20.Nd5 exd5 21.exd5 Bb7 22.Bxg7 Kxg7
23.Qg4+ Kf8 24.Qxd7 Bf6 25.Qxb5 Qc7 26.a4 Rb8 27.Qd3 Rxe1+ 28.Rxe1 Qc3 29.Qxc3 Bxc3
30.Re3 Ba5 31.Be4 h6 32.Kg2 Re8 33.Kf3 Re5 34.g4 Bxd5 35.Bxd5 Rxd5 36.Re4 Rd3+
37.Re3 Rd2 38.Re2 Rxe2 39.Kxe2 d5 40.h4 Ke7 41.Kd3 Kd6 42.f4 Be1 43.h5 Bg3
44.Ke3 Bh4 45.b4 Bf6 46.Kd3 Kc6 47.a5 Kb5 48.Kc2 Be7 49.Kd3 Bd6 50.Ke3 f6
51.Kd4 Kc6 52.a6 Bxb4 53.g5 Bc5+ 54.Kd3 fxg5 55.fxg5 hxg5 56.h6 Bf8 57.a7 Kb7
58.Kd4 Bxh6 59.Kxd5 Kxa7  0-1

[Event "19th Heart of Finland Open"]
[Site "Jyvaskyla FIN"]
[Date "2009.07.07"]
[Round "1"]
[White "Novik,Ma"]
[Black "Nisula,T"]
[Result "1-0"]
[WhiteElo "2470"]
[BlackElo "1987"]

1.Nf3 Nf6 2.c4 b6 3.g3 c5 4.Bg2 Bb7 5.O-O e6 6.b3 Be7 7.Bb2 O-O 8.Nc3 d5
9.e3 Nc6 10.cxd5 exd5 11.d4 Ba6 12.Re1 Nb4 13.Ne5 cxd4 14.exd4 Rc8 15.Rc1 Bd6
16.a3 Nc6 17.Nxd5 Bxe5 18.dxe5 Nxd5 19.Bxd5 Ne7 20.Be4 Qxd1 21.Rexd1 Rxc1
22.Rxc1 Rc8 23.f4 Rxc1+ 24.Bxc1 Bc8 25.Kf2 Kf8 26.a4 h6 27.b4 Bd7 28.a5 bxa5
29.bxa5 Nc6 30.Bd2 Ke8 31.Ke3 h5 32.Kd3 Kd8 33.Kc4 Kc7 34.Kc5 Nb8 35.f5 Na6+
36.Kd4 Nb8 37.Bf4 Kc8 38.Kc5 Ba4 39.e6 Na6+ 40.Kd6 fxe6 41.fxe6 Nc7 42.Ke7 Bb3
43.Bxc7 Kxc7 44.Bf5 g5 45.Kf6 h4 46.Kxg5 hxg3 47.hxg3  1-0

[Event "32nd Aegean Open"]
[Site "Aghios Kirykos GRE"]
[Date "2009.07.13"]
[Round "3"]
[White "Nikolaou,G"]
[Black "Markus,Rob"]
[Result "0-1"]
[WhiteElo "2281"]
[BlackElo "2587"]

1.Nf3 Nf6 2.g3 b6 3.Bg2 Bb7 4.O-O c5 5.c4 e6 6.Nc3 Be7 7.d4 cxd4 8.Qxd4 d6
9.Rd1 a6 10.Bg5 Nbd7 11.Nd2 Bxg2 12.Kxg2 O-O 13.Nde4 Qc7 14.Nxf6+ Nxf6 15.Ne4 Nxe4
16.Bxe7 Qxe7 17.Qxe4 b5 18.b3 bxc4 19.Qxc4 d5 20.Qa4 Qb7 21.Rac1 g6 22.h4 h5
23.Qf4 Rfc8 24.Rxc8+ Rxc8 25.Rc1 d4+ 26.Kg1 Rxc1+ 27.Qxc1 Qb5 28.Qc2 Qa5
29.Qc8+ Kg7 30.Qc4 e5 31.f4 Qc3 32.Qd3 exf4 33.gxf4 Qc1+ 34.Kg2 Qxf4 35.Qxa6 Qe4+
36.Kf1 Qh1+ 37.Kf2 Qxh4+ 38.Kf1 Qf6+ 39.Qxf6+ Kxf6 40.a4 Ke5 41.a5 Kd5 42.a6 Kc6
43.b4 Kb6 44.b5 h4 45.Kg2 g5  0-1

[Event "Open"]
[Site "Rethymno GRE"]
[Date "2009.07.13"]
[Round "3"]
[White "Lipka,J"]
[Black "Neverov,V"]
[Result "1/2-1/2"]
[WhiteElo "2419"]
[BlackElo "2561"]

1.Nf3 Nf6 2.c4 e6 3.g3 b6 4.Bg2 Bb7 5.O-O c5 6.Nc3 Be7 7.d4 cxd4 8.Qxd4 Nc6
9.Qf4 O-O 10.Rd1 d6 11.b3 Qb8 12.Ba3 d5 13.Qxb8 Raxb8 14.Bxe7 Nxe7 15.Ne5 dxc4  1/2-1/2

[Event "1st Artemis Cup"]
[Site "Leros GRE"]
[Date "2009.07.17"]
[Round "7"]
[White "Mastrovasilis,A"]
[Black "Jeremic,V"]
[Result "1/2-1/2"]
[WhiteElo "2503"]
[BlackElo "2487"]

1.Nf3 Nf6 2.c4 e6 3.g3 b6 4.Bg2 Bb7 5.O-O c5 6.Nc3 Be7 7.d4 cxd4 8.Qxd4 d6
9.Bg5 a6 10.Bxf6 Bxf6 11.Qf4 O-O 12.Rfd1 Be7 13.Ne4 Bxe4 14.Qxe4 Ra7 15.Nd4 Rc7
16.b3 Rc5 17.Rd2 Qc7 18.Rad1 Re5 19.Qd3 Rc5 20.Qe4 Re5 21.Qb1 Rc5 22.Rc2 Rc8
23.Bh3 Qd7 24.Rcd2 Nc6 25.e3 b5 26.Bg2 Ne5 27.cxb5 axb5 28.h3 b4 29.Qe4 Qa7
30.Kh2 Qb6 31.Ra1 Nc6 32.Nxc6 R5xc6 33.Rad1 R6c7 34.Qd4 Qa5 35.h4 d5 36.Qf4 Bf6
37.Bf1 Rc2 38.e4 Qxa2 39.exd5 exd5 40.Qf5 Qb2 41.Qxc8+ Rxc8 42.Rxb2 Bxb2
43.Rxd5 Kf8 44.Rd7 Be5 45.Bc4 Rc7  1/2-1/2

[Event "32nd Taminco Open"]
[Site "Ghent BEL"]
[Date "2009.07.20"]
[Round "5"]
[White "Sowray,P"]
[Black "Marcziter,D"]
[Result "1-0"]
[WhiteElo "2335"]
[BlackElo "2238"]

1.Nf3 Nf6 2.c4 b6 3.g3 Bb7 4.Bg2 c5 5.O-O e6 6.Nc3 Be7 7.d4 cxd4 8.Qxd4 d6
9.b3 Nbd7 10.Ng5 Bxg2 11.Kxg2 Qc7 12.f3 a6 13.Rd1 Rd8 14.Bb2 O-O 15.Rac1 Qb7
16.Nge4 Nc5 17.Nxf6+ Bxf6 18.Qd2 d5 19.cxd5 exd5 20.Na4 Bxb2 21.Nxb2 d4 22.Nd3 Ne6
23.Nf4 Qd7 24.e4 f5 25.Nd5 fxe4 26.fxe4 Qd6 27.Re1 Kh8 28.Qd3 b5 29.Rf1 Qe5
30.Rxf8+ Rxf8 31.h4 h6 32.b4 Kh7 33.Rc6 g5 34.hxg5 Nxg5 35.Rc7+ Rf7 36.Rxf7+ Nxf7
37.Qf3 Nd6 38.Kh3 Qe6+ 39.Kh2 Kg7 40.Qf4 Nf7 41.Kg2 Ng5 42.Qc7+ Nf7 43.Kf3 Qh3
44.Ne7 Ng5+ 45.Ke2 Qg2+ 46.Kd1 Qf1+ 47.Kc2 Qe2+ 48.Kb3  1-0

[Event "Maria Albulet Mem"]
[Site "Braila ROM"]
[Date "2009.07.21"]
[Round "5"]
[White "Cosma,E"]
[Black "Padurariu,I"]
[Result "1/2-1/2"]
[WhiteElo "2337"]
[BlackElo "2238"]

1.Nf3 Nf6 2.c4 e6 3.g3 b6 4.Bg2 Bb7 5.O-O c5 6.d4 cxd4 7.Qxd4 d6 8.Nc3 Be7
9.Rd1 a6 10.Be3 Nbd7 11.Qd2 O-O 12.Bf4 Ne8 13.Rac1 Qc7 14.b3 h6 15.h4 Rd8
16.Ne1 Bxg2 17.Nxg2 Ne5 18.Be3 Nf6 19.Na4 Nfd7 20.Nf4 Rfe8 21.f3 Qb7 22.Bf2  1/2-1/2

[Event "Najdorf Mem Open"]
[Site "Warsaw POL"]
[Date "2009.07.22"]
[Round "5"]
[White "Staroszczyk,M"]
[Black "Zakoscielna,K"]
[Result "1/2-1/2"]
[WhiteElo "2036"]
[BlackElo "2089"]

1.Nf3 Nf6 2.c4 e6 3.g3 b6 4.Bg2 Bb7 5.O-O c5 6.Nc3 Be7 7.e3 O-O 8.b3 d6 9.Bb2 Nbd7
10.d4 cxd4 11.Qxd4 a6 12.Rfd1 Rc8 13.Rac1 Bc6 14.h3 b5 15.cxb5 axb5 16.Nh2 Bxg2
17.Kxg2 Qa5 18.Ng4 b4 19.Na4 e5 20.Nxf6+ Nxf6 21.Qd3 Qa8+ 22.Kg1 Qf3 23.Nb6 Ne4
24.Qf1 Rxc1 25.Rxc1 Ng5 26.h4 Ne6 27.Qd1 Qb7 28.Nd5 Ra8 29.Rc4 Rxa2 30.Rxb4 Qa7
31.Ra4 Rxa4 32.bxa4 Bd8 33.Ba3 Nc5  1/2-1/2

[Event "ch-Euro Senior"]
[Site "Rogaska Slatina SLO"]
[Date "2009.07.23"]
[Round "2"]
[White "Srebrnic,V"]
[Black "Shvedchikov,A"]
[Result "0-1"]
[WhiteElo "2212"]
[BlackElo "2396"]

1.c4 c5 2.Nf3 Nf6 3.g3 b6 4.Bg2 Bb7 5.O-O e6 6.Nc3 Be7 7.b3 O-O 8.Bb2 d6
9.d4 cxd4 10.Nxd4 Bxg2 11.Kxg2 Qc7 12.Qd3 Nbd7 13.Ncb5 Qb7+ 14.Qf3 d5 15.Kg1 Ne4
16.Rfd1 dxc4 17.bxc4 Ne5 18.Qb3 a6 19.Nc3 Nc5 20.Qc2 Nxc4 21.Rab1 Rac8 22.Nb3 Na4
23.Na5 bxa5 24.Qxa4 Nxb2 25.Rd7 Nxa4  0-1

[Event "Czech Open A"]
[Site "Pardubice CZE"]
[Date "2009.07.24"]
[Round "1"]
[White "De Wit,T"]
[Black "Terrieux,K"]
[Result "0-1"]
[WhiteElo "2255"]
[BlackElo "2442"]

1.Nf3 Nf6 2.c4 e6 3.g3 b6 4.Bg2 Bb7 5.O-O c5 6.Nc3 Be7 7.d4 cxd4 8.Qxd4 d6
9.Bg5 a6 10.Bxf6 Bxf6 11.Qf4 O-O 12.Rfd1 Be7 13.Ne4 Bxe4 14.Qxe4 Ra7 15.Nd4 Rc7
16.b3 Re8 17.Rd2 Bf8 18.Rad1 Qc8 19.h4 Nd7 20.e3 Nf6 21.Qb1 Rc5 22.e4 g6
23.Nc2 b5 24.Ne3 Bh6 25.f4 e5 26.Rf1 Nh5 27.Nd5 exf4 28.gxf4 Qg4 29.Qd1 Qxh4
30.Rdf2 Rxd5 31.Qxd5 Bxf4 32.Rd1 Qh2+  0-1

[Event "14th Open"]
[Site "Creon FRA"]
[Date "2009.07.28"]
[Round "3"]
[White "Constantin,M"]
[Black "Gipouloux,L"]
[Result "1/2-1/2"]
[WhiteElo "1881"]
[BlackElo "1737"]

1.c4 e6 2.Nf3 b6 3.g3 Bb7 4.Bg2 Nf6 5.O-O c5 6.d3 Be7 7.Nc3 O-O 8.Bf4 Nh5
9.Qc1 d6 10.Bd2 Nd7 11.a3 d5 12.Ne1 Nhf6 13.e3 Qb8 14.b3 Ne5 15.d4 Ng6 16.cxd5 cxd4
17.exd4 exd5 18.Nc2 Ne4 19.Ne3 Rc8 20.Qb2 Nxc3 21.Bxc3 Rd8 22.Rac1  1/2-1/2

[Event "Czech Open A"]
[Site "Pardubice CZE"]
[Date "2009.07.30"]
[Round "7"]
[White "Zilka,S"]
[Black "Berchtenbreiter,M"]
[Result "1/2-1/2"]
[WhiteElo "2466"]
[BlackElo "2143"]

1.Nf3 Nf6 2.c4 e6 3.g3 b6 4.Bg2 Bb7 5.O-O c5 6.b3 Be7 7.Bb2 O-O 8.Nc3 d6
9.d4 cxd4 10.Nxd4 Bxg2 11.Kxg2 Qd7 12.e3 Nc6 13.Nxc6 Qxc6+ 14.Qf3 Rac8 15.Rfd1 Rfd8
16.Rd2 Qc7 17.Nb5 Qb8 18.Rad1 Ne8 19.Nd4 Qc7 20.Kg1 Bf8 21.e4 Be7 22.Nb5 Qb8
23.e5 dxe5 24.Rd7 Bf6 25.Nxa7 e4 26.Qh5 g6 27.Qe2 Rxd7 28.Rxd7 Rc7 29.Rxc7 Qxc7
30.Nb5 Qd7 31.Bc1 h5 32.Qd2 Qc6 33.Ba3 h4 34.gxh4 Kh7 35.h5 gxh5 36.Qf4 Kg6
37.Bc1 Kh7 38.Qh6+ Kg8 39.Qxh5 Qd7 40.Qe2 Ng7 41.Qd2 Qc6 42.Kf1 Nf5 43.Ke2 e3
44.fxe3 Bg5 45.Qe1 Qe4 46.Qg1 f6 47.h4 Nxh4  1/2-1/2

[Event "Centroamericano & Caribbean U20 w"]
[Site "Medellin COL"]
[Date "2009.07.31"]
[Round "2"]
[White "Esquivel de Leon,A"]
[Black "Chirivi C,Y"]
[Result "0-1"]
[WhiteElo "2008"]
[BlackElo "2195"]

1.Nf3 Nf6 2.c4 c5 3.g3 b6 4.Bg2 Bb7 5.O-O e6 6.d4 cxd4 7.Qxd4 Be7 8.Nc3 d6
9.Bg5 a6 10.Rfd1 Nbd7 11.Rac1 O-O 12.e4 Qc7 13.b3 Rfd8 14.Bxf6 Nxf6 15.h3 Rac8
16.Qe3 Nd7 17.Ne1 Bf6 18.Kh2 h6 19.f4 Nc5 20.Nd3 Nxd3 21.Rxd3 b5 22.Ne2 Qb8
23.cxb5 axb5 24.Rxc8 Qxc8 25.Qd2 Qc7 26.e5 Bxg2 27.exf6 Ba8 28.Nd4 Qb7 29.Nf3 gxf6
30.Qa5 Rc8 31.Qd2 Qe4 32.Re3 Qb1 33.Ne1 Bd5 34.Re2 Rc1 35.Qe3 Kg7 36.Kg1 Rd1
37.Kf2 h5 38.Rd2 Rxd2+ 39.Qxd2 Qf5 40.h4 Qh3 41.Nf3 Qh1 42.Qe3 b4 43.Qe2 Kg6
44.Qd3+ f5 45.Qe3 Be4 46.Qe2 Kf6 47.Qe3 Bxf3 48.Qxf3 Qxf3+ 49.Kxf3 e5 50.fxe5+ Kxe5
51.Ke3 d5 52.Kd3 d4 53.Kd2 Ke4  0-1

[Event "Tchibo Open B"]
[Site "Pardubice CZE"]
[Date "2009.08.01"]
[Round "9"]
[White "Nikolaev,L"]
[Black "Kochetkov,Vit"]
[Result "1-0"]
[WhiteElo "2299"]
[BlackElo "2252"]

1.Nf3 c5 2.c4 Nf6 3.g3 b6 4.Bg2 Bb7 5.O-O e6 6.Nc3 a6 7.Re1 d6 8.e4 Nbd7
9.d4 cxd4 10.Nxd4 Qc7 11.Nd5 exd5 12.exd5+ Kd8 13.Nc6+ Bxc6 14.dxc6 Nc5 15.b4 Ne6
16.c5 Be7 17.cxb6 Qxb6 18.Be3 Qb8 19.a4 Kc7 20.Rb1 d5 21.b5 Bc5 22.Bxc5 Nxc5
23.Qc1 Qf8 24.Qf4+ Kd8 25.b6  1-0

[Event "110th US Open"]
[Site "Indianapolis USA"]
[Date "2009.08.04"]
[Round "4"]
[White "Hilton,J"]
[Black "Michaelides,M"]
[Result "1-0"]
[WhiteElo "2272"]
[BlackElo "1762"]


1.Nf3 Nf6 2.c4 e6 3.g3 b6 4.Bg2 Bb7 5.O-O c5 6.Nc3 a6 7.b3 Be7 8.Bb2 O-O
9.d4 cxd4 10.Qxd4 d6 11.e4 Qc7 12.Rac1 Nbd7 13.Qe3 Rac8 14.h3 Rfe8 15.Rfe1 Bf8
16.Nd2 Qb8 17.Qe2 Ba8 18.f4 d5 19.e5 d4 20.Ncb1 d3 21.Qxd3 Nh5 22.Bxa8 Qxa8
23.Kh2 Red8 24.Qe2 g6 25.Ne4 Nc5 26.Nxc5 Bxc5 27.Red1 Ng7 28.g4 h5 29.Nd2 hxg4
30.hxg4 g5 31.fxg5 Bd4 32.Ba3 b5 33.Nf3 Bb6 34.Bd6 bxc4 35.bxc4 Ne8 36.g6 fxg6
37.Ng5 Rd7 38.Kg3 Ng7 39.Qh2 Nh5+ 40.gxh5 Be3 41.hxg6  1-0

[Event "GMA"]
[Site "Peterhof RUS"]
[Date "2009.08.07"]
[Round "7"]
[White "Terekhov,A"]
[Black "Nadjezhdin,D"]
[Result "1/2-1/2"]
[WhiteElo "2301"]
[BlackElo "2413"]

1.c4 c5 2.Nf3 Nf6 3.g3 b6 4.Bg2 Bb7 5.O-O e6 6.Nc3 Be7 7.Re1 O-O 8.e4 d6
9.d4 cxd4 10.Nxd4 Qc7 11.Ndb5 Qc6 12.Be3 a6 13.Nd4 Qc7 14.Rc1 Nbd7 15.f4 Rfd8
16.f5 Nf8 17.fxe6 fxe6 18.Bh3 Bc8 19.Qe2 Re8 20.Bf2 Bd8 21.e5 dxe5 22.Qxe5 Qf7
23.Bg2 Bb7 24.Qe2  1/2-1/2

[Event "16th Vienna Open"]
[Site "Vienna AUT"]
[Date "2009.08.20"]
[Round "6"]
[White "Bawart,M"]
[Black "Berchtenbreiter,M"]
[Result "1/2-1/2"]
[WhiteElo "2385"]
[BlackElo "2143"]

1.Nf3 Nf6 2.g3 b6 3.Bg2 Bb7 4.c4 c5 5.O-O e6 6.Nc3 Be7 7.d4 cxd4 8.Qxd4 O-O
9.Rd1 d6 10.b3 Nbd7 11.Ba3 Nc5 12.Rac1 a6 13.b4 Ncd7 14.Nd2 Bxg2 15.Kxg2 Qb8
16.Nde4 Ne8 17.c5 bxc5 18.bxc5 Nxc5 19.Rb1 Qa7 20.Nxc5 dxc5 21.Qd7 Nf6 22.Qb7 Rfe8
23.Na4 Nd5 24.Rdc1 Nb4  1/2-1/2

[Event "24th Open"]
[Site "Schwarzach AUT"]
[Date "2009.08.21"]
[Round "7"]
[White "Egle,S"]
[Black "Cucinella,V"]
[Result "1/2-1/2"]
[WhiteElo "2153"]
[BlackElo "2152"]

1.Nf3 c5 2.c4 Nf6 3.g3 b6 4.Bg2 Bb7 5.O-O e6 6.Nc3 Be7 7.d4 cxd4 8.Qxd4 d6
9.Rd1 a6 10.b3 Nbd7 11.e4 Qc7 12.Bb2 O-O 13.Ne1 Rfd8 14.Rac1 Bf8 15.Nc2 Rac8
16.Ne3 Qb8 17.Ba3 Nc5 18.f3 h5 19.b4  1/2-1/2

[Event "6th LGA Premium Cup"]
[Site "Nuernberg GER"]
[Date "2009.09.05"]
[Round "4"]
[White "Lange,Ca"]
[Black "Sha,S"]
[Result "1/2-1/2"]
[WhiteElo "2093"]
[BlackElo "1912"]

1.Nf3 Nf6 2.g3 c5 3.c4 b6 4.Bg2 Bb7 5.O-O e6 6.Nc3 Be7 7.d4 cxd4 8.Qxd4 d6
9.b3 a6 10.Ba3 O-O 11.Rfd1 Ne8 12.e4 Qc7 13.Rac1 Nd7 14.Qe3 Nef6 15.h3 Rfd8
16.e5 Ne8 17.Ne4 Nc5 18.exd6 Nxd6 19.Nxc5 bxc5 20.Qxc5 Qb8 21.Qa5 Bf6 22.Bc5 Ne4
23.Bd4 Bxd4 24.Nxd4 Nxg3  1/2-1/2

[Event "II Open"]
[Site "Sabadell ESP"]
[Date "2009.09.09"]
[Round "8"]
[White "Bacallao Alonso,Y"]
[Black "Larduet Despaigne,C"]
[Result "1-0"]
[WhiteElo "2507"]
[BlackElo "2331"]

1.Nf3 Nf6 2.g3 b6 3.Bg2 Bb7 4.O-O e6 5.c4 c5 6.Nc3 Be7 7.d4 cxd4 8.Qxd4 d6
9.Rd1 a6 10.b3 Nbd7 11.Ng5 Bxg2 12.Kxg2 O-O 13.Nge4 Ne8 14.Ba3 Nc5 15.Qe3 Qc7
16.Rd2 Nf6 17.Nxf6+ Bxf6 18.Rc1 Qb7+ 19.f3 h6 20.h4 Rfd8 21.Rcd1 Qc6 22.Ne4 Be7
23.Qf4 e5 24.Qe3 Nxe4 25.Qxe4 Qxe4 26.fxe4 b5 27.cxb5 axb5 28.Bb4 Kf8 29.Rc1 Rdc8
30.Rxc8+ Rxc8 31.Kf3 Rc6 32.Rd5 Rb6 33.h5 Ke8 34.g4 Kd7 35.Ke3 Rb8 36.Kd3 Kc6
37.Kc3 g6 38.Rd3 gxh5 39.gxh5 Rg8 40.Rf3 f6 41.Kd3 Rg5 42.Rh3 f5 43.exf5 e4+
44.Ke3 Kd5 45.Rh1 Ke5 46.Rf1 Rxh5 47.Bc3+ Kd5 48.Rd1+ Kc6 49.f6 Rh3+ 50.Kxe4 Rxc3
51.fxe7 Kd7 52.Rxd6+ Kxe7 53.Rxh6 Rc2 54.Kd3 Rxa2 55.Rb6 Ra5 56.Kd4 Kd7 57.b4 Ra2
58.e4 Rd2+ 59.Ke5 Rb2 60.Rxb5 Kc6 61.Rc5+ Kb6 62.Rc4  1-0

[Event "FSIMB September"]
[Site "Budapest HUN"]
[Date "2009.09.12"]
[Round "8"]
[White "Le Thanh Tu"]
[Black "Berczes,C"]
[Result "1/2-1/2"]
[WhiteElo "2305"]
[BlackElo "2368"]

1.Nf3 Nf6 2.c4 e6 3.g3 b6 4.Bg2 Bb7 5.O-O c5 6.Nc3 Be7 7.d4 cxd4 8.Qxd4 d6
9.Rd1 a6 10.b3 Nbd7 11.Ng5 Bxg2 12.Kxg2 O-O 13.Bb2 Qc7 14.Nge4 Rfd8 15.f3 Ne8
16.h4 Qb7 17.a4 Nc5 18.Nd2 Bf6 19.Qf2 b5 20.axb5 axb5 21.cxb5 Rxa1 22.Rxa1 Nc7
23.b6 N7a6 24.Na4 Bxb2 25.Nxb2 Qxb6 26.Qd4 Qb5 27.Qc4 Qxc4 28.Nbxc4 d5 29.Ne5 f6
30.Nd3 Rb8 31.b4 Nxd3 32.Rxa6 Rxb4 33.Rxe6 Rb2 34.Nf1 Nc5 35.Rd6 Rxe2+ 36.Kg1 Nd3
37.Rxd5 Ne5 38.Nh2 Kf7 39.Rd1 Ke6 40.Rf1 Kd5 41.Rf2 Re3 42.Rd2+ Kc4 43.Kf2 Rc3
44.Kg2 h5 45.Re2 Kd4 46.Rd2+ Rd3 47.Rxd3+ Nxd3 48.g4 g6 49.Nf1 hxg4 50.fxg4 Ke4  1/2-1/2

[Event "TCh-SRB w"]
[Site "Pozarevac SRB"]
[Date "2009.09.18"]
[Round "5"]
[White "Stajic,S"]
[Black "Urosevic,Ma"]
[Result "1-0"]
[WhiteElo "2049"]
[BlackElo "2094"]

1.Nf3 Nf6 2.c4 c5 3.g3 b6 4.Bg2 Bb7 5.O-O e6 6.Nc3 Be7 7.Re1 d6 8.e4 a6 9.d4 cxd4
10.Nxd4 Qc7 11.Qe2 Nbd7 12.Bd2 O-O 13.Rac1 Rac8 14.b3 Rfe8 15.f4 Nf8 16.Be3 N6d7
17.Red1 Qb8 18.Nf3 Bd8 19.Bd4 Bc7 20.Re1 Qa8 21.Rcd1 e5 22.fxe5 dxe5 23.Bf2 b5
24.Nd2 Ba5 25.Rc1 Ne6 26.Red1 Red8 27.Nd5 Bxd2 28.Qxd2 bxc4 29.Ne7+ Kh8 30.Nxc8 Bxc8
31.bxc4 Bb7 32.Qe2 Ndc5 33.Bxc5 Nxc5 34.Qe3 Ne6 35.Rxd8+ Qxd8 36.Rb1 Qc8
37.Qa7 Nc5 38.Bh3 Qc7 39.Qb6 Qe7 40.Rd1 g6 41.Qd8+ Qxd8 42.Rxd8+ Kg7 43.Bg2 Bxe4
44.Bxe4 Nxe4 45.Ra8 Nc5 46.Rc8 Ne4 47.Rc6 Nd2 48.c5 Ne4 49.a4 Kf8 50.Rxa6 Nxc5
51.Ra5 Nd7 52.Rb5 Ke7 53.a5  1-0